000
00199nam a22000857a 4500
001
1235281
005
20250930120835.0
245
_a
TROYA MASALI
_c
AZRA ERHAT
260
_b
GÜNIŞIĞI KİTAPLIĞI YAYINLARI
999
_c
1235281
_d
1235281